Focus (Record no. 78946)

MARC details
000 -LEADER
fixed length control field 01040cab a22002295a 4500
001 - CONTROL NUMBER
control field L138652
008 - FIXED-LENGTH DATA ELEMENTS--GENERAL INFORMATION
fixed length control field 070629e20070623xxkbo F 000 0 eng d
035 ## - SYSTEM CONTROL NUMBER
System control number (Sirsi) u138652
041 0# - LANGUAGE CODE
Language code of text/sound track or separate title eng
100 1# - MAIN ENTRY--PERSONAL NAME
Personal name Pilkington, Lisa
245 00 - TITLE STATEMENT
Title Focus
Remainder of title Birmingham
260 ## - PUBLICATION, DISTRIBUTION, ETC.
Date of publication, distribution, etc. 2007
490 ## - SERIES STATEMENT
Series statement Estates Gazette
Volume/sequential designation (0725) 23 June 2007, 143-173(15)
520 ## - SUMMARY, ETC.
Summary, etc. Topics include: the possibility of two luxury hotel brands opening in the city will provide much needed hotel space; the number of proposed development schemes for Colmore Circus is making it the city?s latest hot spot; the regeneration of the Eastside district is taking longer than the initial timescale of 10 years; and growing demand for every class of industrial property has seen major shed companies move forward with schemes across the West Midlands.
590 ## - LOCAL NOTE (RLIN)
Local note KA
651 #4 - SUBJECT ADDED ENTRY--GEOGRAPHIC NAME
Geographic name England
Chronological subdivision 886-
690 ## - LOCAL SUBJECT ADDED ENTRY--TOPICAL TERM (OCLC, RLIN)
Topical term or geographic name as entry element PROPERTY-COMMERCIAL PROPERTY-COMMERCIAL PROPERTY MARKET
700 1# - ADDED ENTRY--PERSONAL NAME
Personal name Halstead, Ian
700 1# - ADDED ENTRY--PERSONAL NAME
Personal name Cunningham, Daniel
700 1# - ADDED ENTRY--PERSONAL NAME
Personal name Neale, Jon
942 ## - ADDED ENTRY ELEMENTS (KOHA)
Suppress in OPAC 0
Holdings
Withdrawn status Lost status Source of classification or shelving scheme Damaged status Not for loan Home library Current library Shelving location Date acquired Total Checkouts Full call number Barcode Date last seen Copy number Price effective from Koha item type
    Dewey Decimal Classification     London London Journal article 29/06/2007   L138652 138652-1001 06/08/2019 1 06/08/2019 Journal article